Economía, trabajo y sociedad : memoria sobre la situación socioeconómica y laboral : España 2010 (Registro nro. 49732)
[ vista simple ]
| 000 -CABECERA | |
|---|---|
| Longitud fija campo de control | 01400nam a2200361 i 4500 |
| 001 - NÚMERO DE CONTROL | |
| Número de control | 49732 |
| 003 - IDENTIFICADOR DE NÚMERO DE CONTROL | |
| Identificador del número de control | ES-MaCES |
| 005 - FECHA Y HORA DE LA ÚLTIMA TRANSACCIÓN | |
| Fecha y hora de la última transacción | 20210726124408.0 |
| 007 - PHYSICAL DESCRIPTION FIXED FIELD--GENERAL INFORMAT | |
| Campo fijo de descripción física | cr ||||||||||| |
| 008 - CAMPO FIJO DE DESCRIPCIÓN FIJA--INFORMACIÓN GENERAL | |
| Códigos de información de longitud fija | 170719s2011 sp |||| o000|| espd |
| 040 ## - FUENTE DE CATALOGACIÓN | |
| Centro catalogador de origen | ES-MaCES |
| Lengua de catalogación | spa |
| Centro transcriptor | ES-MaCES |
| 245 00 - MENCIÓN DE TÍTULO | |
| Título | Economía, trabajo y sociedad : memoria sobre la situación socioeconómica y laboral : España 2010 |
| 300 ## - DESCRIPCIÓN FÍSICA | |
| Extensión | XVIII, 745 p. (9501 Kb) |
| 593 ## - CES. DATOS DICTAMEN | |
| Comisión de trabajo | Memoria sobre la Situación Socioeconómica y Laboral de España |
| Fecha dictamen | 20110530 |
| Identificador | MEM-2010 |
| Tipo trámite | Urgente |
| Tipo sesión | Pleno extraordinario |
| Votos aprobados | Presentes (45): (41) sí, (2) no, (0) abst. |
| 650 #4 - ASIENTO SECUNDARIO DE MATERIA--TÉRMINO DE MATERIA | |
| Término de materia o nombre geográfico como elemento inicial | economía |
| 9 (RLIN) | 26781 |
| 650 #4 - ASIENTO SECUNDARIO DE MATERIA--TÉRMINO DE MATERIA | |
| Término de materia o nombre geográfico como elemento inicial | condiciones económicas |
| 9 (RLIN) | 27081 |
| 650 #4 - ASIENTO SECUNDARIO DE MATERIA--TÉRMINO DE MATERIA | |
| Término de materia o nombre geográfico como elemento inicial | trabajo |
| 9 (RLIN) | 28289 |
| 650 #4 - ASIENTO SECUNDARIO DE MATERIA--TÉRMINO DE MATERIA | |
| Término de materia o nombre geográfico como elemento inicial | condiciones de trabajo |
| 9 (RLIN) | 28327 |
| 650 #4 - ASIENTO SECUNDARIO DE MATERIA--TÉRMINO DE MATERIA | |
| Término de materia o nombre geográfico como elemento inicial | sociedad |
| 9 (RLIN) | 27269 |
| 650 #4 - ASIENTO SECUNDARIO DE MATERIA--TÉRMINO DE MATERIA | |
| Término de materia o nombre geográfico como elemento inicial | condiciones sociales |
| 9 (RLIN) | 30469 |
| 650 #4 - ASIENTO SECUNDARIO DE MATERIA--TÉRMINO DE MATERIA | |
| Término de materia o nombre geográfico como elemento inicial | condiciones de vida |
| 9 (RLIN) | 27111 |
| 650 #4 - ASIENTO SECUNDARIO DE MATERIA--TÉRMINO DE MATERIA | |
| Término de materia o nombre geográfico como elemento inicial | España |
| 9 (RLIN) | 26964 |
| 650 #4 - ASIENTO SECUNDARIO DE MATERIA--TÉRMINO DE MATERIA | |
| Término de materia o nombre geográfico como elemento inicial | 2010 |
| 9 (RLIN) | 31233 |
| 653 10 - TÉRMINO DE INDEXACIÓN--NO CONTROLADO | |
| Término no controlado | Condiciones económicas |
| 700 1# - ENCABEZAMIENTO SECUNDARIO--NOMBRE PERSONAL | |
| 9 (RLIN) | 25408 |
| Nombre de persona | Valdés Dal-Ré, Fernando |
| Término indicativo de función | ponente |
| 700 1# - ENCABEZAMIENTO SECUNDARIO--NOMBRE PERSONAL | |
| 9 (RLIN) | 26611 |
| Nombre de persona | Zubía Guinea, José Guillermo |
| Término indicativo de función | interviniente |
| 700 1# - ENCABEZAMIENTO SECUNDARIO--NOMBRE PERSONAL | |
| 9 (RLIN) | 13927 |
| Nombre de persona | González Zamora, Miguel |
| Término indicativo de función | interviniente |
| 700 1# - ENCABEZAMIENTO SECUNDARIO--NOMBRE PERSONAL | |
| 9 (RLIN) | 25408 |
| Nombre de persona | Valdés Dal-Ré, Fernando |
| Término indicativo de función | interviniente |
| 700 1# - ENCABEZAMIENTO SECUNDARIO--NOMBRE PERSONAL | |
| 9 (RLIN) | 12329 |
| Nombre de persona | Frade Odriozola, Josu |
| Término indicativo de función | interviniente |
| 856 4# - ACCESO ELECTRÓNICO | |
| Identificador Uniforme del Recurso (URI) | <a href="http://www.ces.es/documents/MEM/2010/01">http://www.ces.es/documents/MEM/2010/01</a> |
| Texto del enlace | texto completo |
| 902 ## - CES. TIPO DE DOCUMENTO | |
| Tipodoc (006$c Sirtex) | Memoria CES |
| 942 ## - ELEMENTOS KOHA | |
| Fuente de clasificaión o esquema | Clasificación propia del CES |
| Koha [por defecto] tipo de item | Dictámenes/Informes/Memorias CES |
| Parte de clasificación | Economía |
No hay ítems disponibles.
